000 00846nam a2200265Ia 4500
003 OSt
005 20220926011615.0
006 a|||||r|||| 00| 0
007 ta
008 220923b |||||||| |||| 00| 0 eng d
020 _a0122263804
037 _cGeneral Book
040 _aRTL
_cRTL
_beng
041 _2eng
_aeng
082 _aY:5, M0
100 _aDyke Bennett
_9314589
245 0 _aGenealogical demography.
260 _aNew York
_bAcademic Press
_c1980
300 _axii,255p
_ccm.
490 _aPopulation and social structure ; Advances in historical demography. American Association of Physical Anthropologists publication
500 _aBibliography chapterwise
700 _a Morrill Warren T Ed.
_9314590
942 _hY:5, M0
_cGB
_2CC
999 _c620553
_d620553